Score 0/20 Timer 15:00
0 Plays Today
% Correct
Yes, pipe clock and bottle are there
94.2%
No Berlin
86.2%
Yes, the objects are all there
82.6%
Yes, the bands are all represented
81.7%
No Einstein
81.6%
No Luigi
80.6%
All the food is there
78.6%
Yes, there is a big cat in the grass
77.2%
Yes, the words are all there
73.1%
Waldo is not there. Neither is Wally :)
72.9%
% Correct
Yes, the super heroes are all there
72.9%
No C-3P0
68.7%
Yes, the celebrities are there
67.9%
Yes, the movies are all represented
63.6%
No Lenin
61.5%
None of these flags are there
55%
No Monkey
54.1%
Yes, the chocolates are all there
44.2%
There are only rocks
37.3%
Yes, the logos are all there
36.9%
Remove Ads.
Support Sporcle.
Get the best of Sporcle when you Go Orange. This ad-free experience offers more features, more stats, and more fun while also helping to support Sporcle. Thank you for becoming a member.

You're not logged in!

Compare scores with friends on all Sporcle quizzes.
OR
Log In

Show Comments

Extras

Top Quizzes Today


Score Distribution

Your Account Isn't Verified!

In order to create a playlist on Sporcle, you need to verify the email address you used during registration. Go to your Sporcle Settings to finish the process.

Report this User

Report this user for behavior that violates our Community Guidelines.

Details: